National Assembly Library of Thailand

ชรานคร : (ระเบียนเลขที่ 107716)

รายละเอียดในรูปแบบ MARC
000 -LEADER
fixed length control field 02814nam a2200289 4500
003 - CONTROL NUMBER IDENTIFIER
control field NALT
005 - DATE AND TIME OF LATEST TRANSACTION
control field 20260203143316.0
008 - FIXED-LENGTH DATA ELEMENTS--GENERAL INFORMATION
fixed length control field 260127b th ||||| |||| 00| 0 tha d
020 ## - INTERNATIONAL STANDARD BOOK NUMBER
International Standard Book Number 9786169505402
040 ## - CATALOGING SOURCE
Original cataloging agency NALT
050 ## - LIBRARY OF CONGRESS CALL NUMBER
Classification number RA 777.6
Item number ช212 2568
245 10 - TITLE STATEMENT
Title ชรานคร :
Remainder of title เมื่อเมืองสูงวัย ประเทศไทยพร้อมแค่ไหนกับการรับมือ /
Statement of responsibility, etc. ศูนย์ออกแบบและพัฒนาเมือง จุฬาลงกรณ์มหาวิทยาลัย.
250 ## - EDITION STATEMENT
Edition statement พิมพ์ครั้งที่ 1.
260 ## - PUBLICATION, DISTRIBUTION, ETC.
Place of publication, distribution, etc. นนทบุรี :
Name of publisher, distributor, etc. สยามจุลละมณฑล,
Date of publication, distribution, etc. 2568.
300 ## - PHYSICAL DESCRIPTION
Extent 206 หน้า :
Other physical details ภาพประกอบ, แผนภูมิ, แผนที่ ;
Dimensions 21 ซม.
505 2# - FORMATTED CONTENTS NOTE
Formatted contents note บทที่ 1 สูงวัยในเมือง --<br/>บทที่ 2 ประวัติศาสตร์ความสูงวัย : ที่มา ความเข้าใจ และการตอบรับสังคมสูงวัย --<br/>บทที่ 3 สุขภาพดีเริ่มต้นจากการออกแบบระบบเมือง --<br/>บทที่ 4 ประเทศไทยกับการเปลี่ยนแปลงโครงสร้างประชากรและผลกระทบ --<br/>บทที่ 5 ภูมิทัศน์ความเปราะบางของผู้สูงวัยไทย --<br/>บทที่ 6 อ่านเมืองผ่านดัชนีเมืองสุขภาวะรองรับสังคมสูงวัย --<br/>บทที่ 7 สำรวจความท้าทายและศักยภาพในการรับมือกับสังคมสูงวัย --<br/>บทที่ 8 ข้อเสนอเชิงนโยบาย --<br/>บทที่ 9 บทส่งท้าย : มองเมืองสูงวัยไปข้างหน้า.
650 #4 - SUBJECT ADDED ENTRY--TOPICAL TERM
Topical term or geographic name entry element ผู้สูงอายุ
General subdivision แง่สังคม
9 (RLIN) 67351
700 0# - ADDED ENTRY--PERSONAL NAME
Personal name นิรมล เสรีสกุล.
9 (RLIN) 67349
700 0# - ADDED ENTRY--PERSONAL NAME
Personal name ณัฐชานันท์ กล้าหาญ.
9 (RLIN) 67350
710 2# - ADDED ENTRY--CORPORATE NAME
Corporate name or jurisdiction name as entry element จุฬาลงกรณ์มหาวิทยาลัย
Subordinate unit ศูนย์ออกแบบและพัฒนาเมือง.
9 (RLIN) 67333
942 ## - ADDED ENTRY ELEMENTS (KOHA)
Source of classification or shelving scheme Library of Congress Classification
Koha item type General Book
996 ## - STAFF PROCESSING RECORDS (NALT)
Staff name jidapa.t
Staff type ACQSTF
Acquisition or Cataloging date 2026-01-27
996 ## - STAFF PROCESSING RECORDS (NALT)
Staff name varee.k
Staff type LIBSTF
Acquisition or Cataloging date 2026-01-28
996 ## - STAFF PROCESSING RECORDS (NALT)
Staff name jamriang.p
Staff type CATSTF
Acquisition or Cataloging date 2026-01-29
998 ## - STAFF NAME (NALT)
-- 111
-- นางสาวพจพิณ พรมเอี่ยม
รายการที่มีในห้องสมุด
Withdrawn status Lost status Source of classification or shelving scheme Damaged status Not for loan Collection code Home library Current library Shelving location Date acquired Source of acquisition Total Checkouts Full call number Barcode Date last seen Copy number Price effective from Koha item type Total Renewals Date last checked out
    Library of Congress Classification     General Book collection National Assembly Library of Thailand National Assembly Library of Thailand General Book shelves 27/01/2026 หน่วยงานภาครัฐ   RA 777.6 ช212 2568 3961216096 27/01/2026 ฉ.1 27/01/2026 General Book    
    Library of Congress Classification     General Book collection National Assembly Library of Thailand National Assembly Library of Thailand General Book shelves 27/01/2026 หน่วยงานภาครัฐ 1 RA 777.6 ช212 2568 3961216097 18/02/2026 ฉ.2 27/01/2026 General Book 1 03/02/2026
หอสมุดรัฐสภา
สำนักงานเลขาธิการสภาผู้แทนราษฎร เลขที่ 1111 ถนนสามเสน แขวงถนนนครไชยศรี เขตดุสิต กรุงเทพฯ 10300
The Secretariat of the House of Representatives 1111 Samsen Road, Thanon Nakhon Chai Si, Dusit, Bangkok 10300, THAILAND
โทรศัพท์: +66(0) 2242 5900 ต่อ 5714-5 โทรสาร: +66(0) 2242 5990 อีเมล: [email protected]